| 000 | 01383nam a2200373 i 4500 | ||
|---|---|---|---|
| 003 | CO-BoRNBP | ||
| 005 | 20230411161521.0 | ||
| 007 | ta | ||
| 008 | 220207t2021 ck ||||| |||| 00| fdspa d | ||
| 020 | _a9789587534382 | ||
| 040 |
_aCO-BoRNBP _bspa _erda _cCO-BoRNBP |
||
| 041 | 0 | _aspa | |
| 043 | _as-ck--- | ||
| 082 | 0 | 4 |
_a860.8 _bM35b6 _223 |
| 245 | 0 | 0 |
_aMi cristo negro _bTeresa Martínez de Valera _cprólogo Yijhán Rentería Salazar ; edición Camila Charry Noriega ; corrección Ludwing Cépeda Aparicio |
| 250 | _aOctava edición | ||
| 264 | 1 |
_aBogotá, Colombia _bMinisterio de Cultura _c2021 |
|
| 264 | 4 | _c©2021 | |
| 300 |
_a658 páginas _c21 cm |
||
| 336 |
_atexto _btxt _2rdacontent |
||
| 337 |
_asin mediación _bn _2rdamedia |
||
| 338 |
_avolumen _bnc _2rdacarrier |
||
| 490 | 0 |
_aBiblioteca de Escritoras Colombianas _v6 |
|
| 490 | 0 | _aNovela | |
| 500 | _aIncluye datos biográficos de la autora | ||
| 600 | 1 | 4 |
_aMartínez de Valera, Teresa _d1913-1998 _vBiografías _91121 |
| 650 | 1 | 7 |
_aNovela histórica colombiana _ySiglo XIX _2ARMARC _91122 |
| 650 | 1 | 7 |
_aLiteratura colombiana _ySiglo XIX _2ARMARC _91088 |
| 650 | 1 | 7 |
_aNegros en la literatura _ySiglo XIX _2ARMARC _91123 |
| 700 | 1 |
_aRentería Salazar, Yijhán _eprologuista _91124 |
|
| 700 | 1 |
_aCharry Noriega, Camila _eeditora _91125 |
|
| 700 | 1 |
_aCépeda Aparicio, Ludwing _ecorrector _91092 |
|
| 942 |
_2ddc _cBK |
||
| 999 |
_c9364 _d9364 |
||